Responses for Show #4508 - Wednesday, March 24, 2004

Contestants

[<< previous game]

Tom Ogorzalek, a writer and editor from Washington, D.C.

Grace Suh, a writer from New York, New York

Jack Rosenzweig, a government attorney from Honolulu, Hawaii (whose 1-day cash winnings total $24,801)

[next game >>]

Jeopardy! Round responses

FAMOUS AMERICANS
BIBLE MOVIES
SCANDALOUS STORY HEADLINES
COLORS
TRAVEL & TOURISM
"MINI" BAR
    $200 6
(Tom: Who is Stephen Austin?)

Sam Houston

JackTom
    $200 11
Moses

Grace
    $200 1
Humpty Dumpty

Jack
    $200 12
pink

Jack
    $200 19
the Tower of London

Tom
    $200 13
minivan

Grace
    $400 7
Van Cliburn

Jack
    $400 25
(Alex: With a minute to go, you're right.)

George C. Scott

Tom
    $400 2
Miss Muffet

Jack
    $400 14
gray

Tom
    $400 20
Switzerland

Tom
    $400 18
Mini-Me

Tom
    $600 8
Roger Mahony

Triple Stumper
    $600 29
Quo Vadis

Jack
    $600 3
Snow White

Jack
    $1,000 15
red & white

Tom
    $600 21
Carnival

Grace
    $600 24
mini golf

Tom
    $800 9
(Jack: Who is Marian Anderson?)

Mahalia Jackson

JackGrace
    $800 26
Samson and Delilah

Jack
    $800 4
(Jack: Who is Wynken, Blynken & Nod?)

The Butcher, The Baker, The Candlestick Maker

JackTom
    $800 16
(Alex: They didn't strike that much fear this past season, but next year will be different!)

silver & black

Tom
    $800 22
the Virgin Islands

Jack
    $800 27
a miniseries

Jack
    $1000 10
Nathaniel Hawthorne

Tom
    $1000 30
Sodom and Gomorrah

Jack
    $1000 5
Punch

Jack
    $1000 17
yellow

Grace
    $1000 23
Hamilton

Jack
    $1000 28
Minimalist

Jack

Scores at the first commercial break (after clue 11):

Jack Grace Tom
$1,200 $1,000 $1,600

Scores at the end of the Jeopardy! Round:

Jack Grace Tom
$7,400 $2,800 $5,800

Double Jeopardy! Round responses

THE ROMANTICS
PLANTS & FLOWERS
COMPUTER "I"s
IT BORDERS BOTH
BEFORE & AFTER
ET AL
    $400 21
Landscape

Tom
    $400 1
Venus Flytrap

Tom
    $400 24
icons

Grace
    $400 8
Israel

Tom
    $400 3
Mildred Pierce Brosnan

Jack
    $400 16
"Weird Al" Yankovic

Tom
    $800 22
(Lord) Byron

Grace
    $800 2
Fleur-de-lis

Tom
    $800 27
Intel

Tom
    $800 9
China

Jack
    $800 4
Will Smith and Wesson

Tom
    $800 17
Al Capone

Grace
    $1200 23
Wagner

Jack
    $1200 13
the Corpse Flower

Triple Stumper
    $3,000 28
the Information Superhighway

Tom
    $1200 10
(Tom: What is Switzerland?)
(Jack: What is Germany?)

Italy

JackTom
Triple Stumper
    $1200 5
Ivan the Terrible Twos

Tom
    $1200 18
Al Pacino

Jack
    $2,400 25
William Blake

Grace
    $1600 14
Cactus

Tom
    $1600 29
(Grace: What is the...[time]?)

inkjet printer

JackGrace
    $1600 11
(Alex: Borders a lot of countries.)

Brazil

Tom
    $1600 6
Faberge Egg McMuffin

Tom
    $1600 19
Al Hirt

Jack
    $2000 26
Frederic Chopin

Grace
    $2000 15
(Tom: What is a fern?)
(Alex: Be more specific.)
(Tom: What is a New England fern?)
(Alex: Nope.)

Boston Fern

Tom
Triple Stumper
    $2000 30
(Alex: Is that what you were going to say, Tom?)
(Tom: Sure wasn't!)
(Alex: Ha ha, good for you; you're honest!)

ISDN

Triple Stumper
    $2000 12
Algeria

Tom
    $2000 7
Floyd the Barber of Seville

Tom
    $2000 20
Al Jarreau

Triple Stumper

Scores at the end of the Double Jeopardy! Round:

Jack Grace Tom
$13,000 $7,600 $19,600

[wagering suggestions for these scores]

Final Jeopardy! Round responses

WORD & PHRASE ORIGINS
GraceWhat is meltdown?
$7,500
JackWhat is meltdown
$13,000
TomWhat is cold fusion?
$6,401
meltdown

Final scores:

Jack Grace Tom
$26,000 $15,100 $13,199
2-day champion: $50,801 2nd place: $2,000 3rd place: $1,000

Game dynamics:

Coryat scores:

Jack Grace Tom
$13,000 $6,800 $17,400
20 R,
3 W
10 R
(including 1 DD),
1 W
24 R
(including 2 DDs),
3 W

Combined Coryat: $37,200

[game clues] [game scores] [suggest correction]

Game tape date: 2004-01-20
The J! Archive is created by fans, for fans. Scraping, republication, monetization, and malicious use prohibited; this site may use cookies and collect identifying information. See terms. The Jeopardy! game show and all elements thereof, including but not limited to copyright and trademark thereto, are the property of Jeopardy Productions, Inc. and are protected under law. This website is not affiliated with, sponsored by, or operated by Jeopardy Productions, Inc. Join the discussion at JBoard.tv.